000 00602nam a2200229Ia 4500
003 OSt
005 20220918181649.0
006 a|||||r|||| 00| 0
007 ta
008 220917b |||||||| |||| 00| 0 eng d
024 _a27,989
037 _cTextual
040 _aARTS
_cARTS
_beng
041 _2eng
_aeng
082 _aO111,2J64:g, L1
100 _aJones Emrys
245 0 _aScenic form in Shakespeare
260 _aOxford
_bClarendon Press
_c1971
650 _aENGLISH LITERATURE
942 _hO111,2J64:g, L1
_cTEXL
_2CC
999 _c166390
_d166390